000
00221nam a2200085Ia 4500
008
120527s9999 xx 000 0 und d
100
_a
Aron & Aron
245
_a
Statistics for the behavioral and social sciences
942
_c
BK
999
_c
27593
_d
27593